• 首页
  • 本馆介绍
  • 公告通知
  • 最新文献
  • 馆藏检索
  • 电子资源
  • 读者导购
  • 参考咨询
  • 我的图书馆
  • 登录
  • 详细信息显示
  • 放入我的书架
  • 预约/预借图书
  • 作者相关作品
  • 分类相关作品
  • 丛书相关作品
  • 出版社相关作品

书目信息

  • 表格格式
  • 工作单格式
  • 卡片格式
题名:
德国
    
 
作者: ;金松 , 赵征环 译 ;大宝石出版社 编著
分册:  
出版信息: 北京   中国旅游出版社  2015
页数: 535页
开本: 21cm
丛书名: 走遍全球
单 册:
中图分类: K951.69
科图分类:
主题词: 旅游指南--Lv You Zhi Nan--德国
电子资源:
ISBN: 978-7-5032-5099-6
000 01102nam0 22003131 450
001 0101082328
005 20161202102411.50
010    @a978-7-5032-5099-6@dCNY98.00
100    @a20150202d2015 em y0chiy50 ea
101 2  @achi@ager@cjpn
102    @aCN@b110000
105    @aab z 000yy
106    @ar
200 1  @a德国@ADe Guo@dDeutschland@f日本大宝石出版社编著@zeng
210    @a北京@c中国旅游出版社@d2015
215    @a535页@c彩图,地图@d21cm
225 2  @a走遍全球@AZou Bian Quan Qiu
305    @a中文版由北京走遍全球文化传播有限公司授权出版,据原书5版译出
314    @a版权页题:金松、赵征环译
330    @a本书介绍了德国旅游的相关资讯,书中着重于交通路线、方法及观光重点的咨询,还刊登了有关经济型旅馆的信息。并且配有详细精美的地图。
461  0 @12001 @a走遍全球
510 1  @aDeutschland@zeng
606 0  @a旅游指南@ALv You Zhi Nan@y德国
690    @aK951.69@v5
702  0 @a金松@AJin Song@4译
702  0 @a赵征环@AZhao Zheng Huan@4译
711 02 @c(日)@a大宝石出版社@ADa Bao Shi Chu Ban She@4编著
801  0 @aCN@bTANGWEI@c20161128
905    @b0950045-9@dK951.69@e407@f5
    
    德国=Deutschland/日本大宝石出版社编著.-北京:中国旅游出版社,2015
    535页:彩图,地图;21cm.-(走遍全球)
    
    
    ISBN 978-7-5032-5099-6:CNY98.00
    本书介绍了德国旅游的相关资讯,书中着重于交通路线、方法及观光重点的咨询,还刊登了有关经济型旅馆的信息。并且配有详细精美的地图。
●
相关链接 在E读中查询图书 在五车中查询图书 在当当中查询图书 在豆瓣中查询图书


正题名:德国     索取号:K951.69/407         预约/预借

序号 登录号 条形码 馆藏地/架位号 状态 备注
1 0950045   209500459   第二样本阅览室/ [索取号:K951.69/407] 在馆    
2 0950046   209500468   第二借阅区/ [索取号:K951.69/407] 在馆    
3 0950047   209500477   第二借阅区/ [索取号:K951.69/407] 在馆    
4 0950048   209500486   密集书库-资源管理系/ [索取号:K951.69/407] 在馆    
5 0950049   209500495   第二借阅区/ [索取号:K951.69/407] 在馆    
唐山师范学院图书馆 欢迎您!
大连网信软件有限公司© 版权所有